Central American Geography on a Map - Statistics

General Stats
  • This quiz has been taken 94 times
    93 since last reset
  • The average score is 9 of 18
Answers on the Map
Answers color-coded by a green-red scale on the quiz's map according to % correct below.
 
Answer Stats
Type Place % Correct
Country Nicaragua
96%
Country Panama
94%
Country Guatemala
93%
Country Belize
91%
Country El Salvador
91%
City San Salvador
81%
City San Jose
79%
Point of Interest Panama Canal
46%
Subdivision Darien
39%
City San Pedro Sula
38%
Subdivision Managua
33%
Point of Interest Tikal
25%
Island Roatán
13%
Island Coiba
10%
Island Big Corn Island
9%
Subdivision Colon
9%
Island Ometepe
9%
Point of Interest Tajumulco
4%
No matching quizzes found
Score Distribution
Percent of People with Each Score
Percentile by Number Answered
Your Score History
You have not taken this quiz since the last reset